[Event "Festival INGEM - PLZEŇ 2013"]
[Site "Plzeň (Česká republika)"]
[Date "2013.08.19"]
[Round "4.8"]
[White "Bartos, Jan"]
[Black "Stancik, Jakub"]
[Result "1-0"]
[WhiteElo "2265"]
[BlackElo "1895"]
[PlyCount "69"]
[EventDate "2013.08.17"]
[Source "ChessBase"]
[SourceDate "1996.11.15"]

1. d4 d5 2. c4 e6 3. Nf3 Nf6 4. Nc3 Be7 5. Bf4 O-O 6. e3 Nbd7 7. Qc2 c6 8. h3
Re8 9. Rd1 Nf8 10. Bd3 dxc4 11. Bxc4 Ng6 12. Bh2 Bd6 13. Bxd6 Qxd6 14. O-O Qb4
15. Bd3 b6 16. e4 e5 17. dxe5 Nxe5 18. Nxe5 Rxe5 19. f4 Rh5 20. e5 Ne8 21. Be4
Ba6 22. Rf2 Rc8 23. Rd7 Rc7 24. Rxc7 Nxc7 25. Bxc6 Ne6 26. Qd1 Rh4 27. Nd5 Qc5
28. b4 Qc4 29. Ne7+ Kh8 30. Qd7 g6 31. Qe8+ Kg7 32. Qg8+ Kh6 33. g3 Rxh3 34.
Kg2 Qc1 35. Kxh3 1-0

[Event "Festival INGEM - PLZEŇ 2013"]
[Site "Plzeň (Česká republika)"]
[Date "2013.08.19"]
[Round "4.9"]
[White "Mares, Vaclav"]
[Black "Folk, Petr"]
[Result "0-1"]
[WhiteElo "2010"]
[BlackElo "2218"]
[PlyCount "62"]
[EventDate "2013.08.17"]
[Source "ChessBase"]
[SourceDate "1996.11.15"]

1. e4 c5 2. Nf3 d6 3. d4 cxd4 4. Nxd4 Nf6 5. Nc3 a6 6. Be2 e6 7. O-O Be7 8. Be3
O-O 9. f4 Nc6 10. Qd2 Qc7 11. Nxc6 bxc6 12. Kh1 Bb7 13. Bf3 d5 14. Rad1 Rad8
15. Qf2 c5 16. exd5 exd5 17. Ne2 d4 18. Bc1 Ne4 19. Qg1 f5 20. g4 Qc8 21. Qg2
Rd6 22. h3 Rg6 23. Kh2 Rd8 24. g5 Re6 25. Rde1 Bd6 26. Ng3 Nxg3 27. Kxg3 Bxf3
28. Qxf3 Qd7 29. Qb3 Rde8 30. Rxe6 Qxe6 31. Re1 Qxb3+ 0-1

[Event "Festival INGEM - PLZEŇ 2013"]
[Site "Plzeň (Česká republika)"]
[Date "2013.08.19"]
[Round "4.10"]
[White "Hajek, Jiri"]
[Black "Pokrupa, Marek"]
[Result "0-1"]
[WhiteElo "1879"]
[BlackElo "2192"]
[PlyCount "50"]
[EventDate "2013.08.17"]
[Source "ChessBase"]
[SourceDate "1996.11.15"]

1. d4 d6 2. g3 Nf6 3. Bg2 g6 4. e4 Bg7 5. Ne2 O-O 6. O-O e5 7. c3 Nc6 8. f4 Bg4
9. d5 Ne7 10. Be3 exf4 11. gxf4 Re8 12. Qd2 Nfxd5 13. exd5 Nf5 14. Ng3 Nxe3 15.
Re1 Nc4 16. Rxe8+ Qxe8 17. Qc1 Qb5 18. b3 Qc5+ 19. Kh1 Qe3 20. Qxe3 Nxe3 21. a3
Re8 22. h3 Bd1 23. Ra2 Nxg2 24. Kxg2 Bxb3 25. Rd2 Re1 0-1

[Event "Festival INGEM - PLZEŇ 2013"]
[Site "Plzeň (Česká republika)"]
[Date "2013.08.19"]
[Round "4.11"]
[White "Kozak, Milos"]
[Black "Vachal, Josef"]
[Result "1-0"]
[WhiteElo "2178"]
[BlackElo "1891"]
[PlyCount "75"]
[EventDate "2013.08.17"]
[Source "ChessBase"]
[SourceDate "1996.11.15"]

1. d4 Nf6 2. c4 g6 3. g3 c5 4. d5 d6 5. Nc3 Bg7 6. Bg2 O-O 7. Nf3 e5 8. O-O Ne8
9. e4 Bg4 10. h3 Bxf3 11. Bxf3 f5 12. h4 f4 13. Bg4 h5 14. Be6+ Kh7 15. Kg2 Nc7
16. Bh3 Nd7 17. Bd2 Qe7 18. Rh1 Nb6 19. b3 Bf6 20. Rc1 Rf7 21. Be1 Raf8 22. Nb1
Kg8 23. Nd2 Bxh4 24. Be6 Bg5 25. Bxf7+ Qxf7 26. Rc3 fxg3 27. Rf3 gxf2 28. Rxf7
fxe1=N+ 29. Qxe1 Rxf7 30. Nf3 Bf4 31. Qh4 Ne8 32. Ng5 Bxg5 33. Qxg5 Kh7 34. Rf1
Kg7 35. Qd8 Nf6 36. Qxd6 Nbd7 37. b4 b6 38. a3 1-0

[Event "Festival INGEM - PLZEŇ 2013"]
[Site "Plzeň (Česká republika)"]
[Date "2013.08.19"]
[Round "4.12"]
[White "Eretova, Jana"]
[Black "Kalista, Karel"]
[Result "0-1"]
[WhiteElo "2093"]
[BlackElo "1880"]
[PlyCount "104"]
[EventDate "2013.08.17"]
[Source "ChessBase"]
[SourceDate "1996.11.15"]

1. Nf3 Nf6 2. g3 c5 3. d3 Nc6 4. e4 e5 5. Bg2 g6 6. O-O Bg7 7. Re1 O-O 8. Nbd2
d6 9. a4 Ng4 10. h3 Nh6 11. Nc4 f5 12. Bg5 Qd7 13. c3 Nf7 14. Be3 Nfd8 15. Qd2
Ne6 16. Bh6 f4 17. Bxg7 Kxg7 18. h4 fxg3 19. fxg3 Qe7 20. Rf1 Bd7 21. Nh2 Nc7
22. Ne3 h5 23. Nf3 Rae8 24. Ng5 Rxf1+ 25. Rxf1 Rf8 26. Bf3 Nd8 27. Qd1 Nf7 28.
Nxf7 Rxf7 29. a5 Qf8 30. Kg2 Qc8 31. Rf2 Bh3+ 32. Kg1 Qf8 33. Qd2 Rxf3 34. Nf5+
Rxf5 35. exf5 Bxf5 36. d4 e4 37. dxc5 dxc5 38. Qf4 Qe7 39. c4 Ne8 40. Rd2 Nf6
41. Qg5 Ng8 42. Qf4 Nh6 43. Re2 Ng4 44. Qd2 e3 45. Qc3+ Qf6 46. Qb3 Qe7 47.
Qc3+ Kh7 48. b3 Qd6 49. Rxe3 Nxe3 50. Qxe3 Qd4 51. Qxd4 cxd4 52. b4 Bd3 0-1

[Event "Festival INGEM - PLZEŇ 2013"]
[Site "Plzeň (Česká republika)"]
[Date "2013.08.19"]
[Round "4.13"]
[White "Pokomandy, Mikulas"]
[Black "Kozusek, Daniel"]
[Result "0-1"]
[WhiteElo "1828"]
[BlackElo "2078"]
[Annotator "Petr,Herejk"]
[PlyCount "56"]
[EventDate "2013.08.17"]
[Source "ChessBase"]
[SourceDate "1996.11.15"]

1. Nf3 Nf6 2. g3 d5 3. d4 c5 4. Bg2 g6 5. O-O Bg7 6. e3 Nc6 7. c3 c4 8. Re1 O-O
9. Nbd2 Bf5 10. Nh4 Bd3 11. Bf1 Bxf1 12. Rxf1 e5 13. Ng2 Qc8 14. Re1 Qh3 15. f3
Rfe8 16. Nf1 Re7 17. Qc2 Rae8 18. Bd2 g5 19. Rad1 g4 20. f4 exd4 21. exd4 Re2
22. Rxe2 Rxe2 23. Nfe3 Ne4 24. Qc1 Bxd4 25. cxd4 Nxd4 26. Be1 Rxe1+ 27. Rxe1 {
Diagram #} Qxh2+ $3 28. Kxh2 Nf3+ 0-1

[Event "Festival INGEM - PLZEŇ 2013"]
[Site "Plzeň (Česká republika)"]
[Date "2013.08.19"]
[Round "4.14"]
[White "Stanek, Vaclav"]
[Black "Kopriva, Petr"]
[Result "1/2-1/2"]
[WhiteElo "1645"]
[BlackElo "2061"]
[PlyCount "82"]
[EventDate "2013.08.17"]
[Source "ChessBase"]
[SourceDate "1996.11.15"]

1. e4 c5 2. Nc3 e6 3. g3 Nc6 4. Bg2 g6 5. Nf3 Bg7 6. O-O Nge7 7. d3 d5 8. exd5
exd5 9. Bg5 O-O 10. Qd2 Re8 11. Bh6 Bh8 12. Qc1 Bf5 13. Bg5 Qd7 14. Re1 Be6 15.
Bf4 Bg4 16. Ne5 Nxe5 17. Bxe5 Bxe5 18. Rxe5 Be6 19. Qf4 Kg7 20. Rae1 Nc6 21.
R5e2 Nd4 22. Kf1 Nxe2 23. Rxe2 f6 24. h4 Bf7 25. Bf3 Rxe2 26. Nxe2 h6 27. Bg4
Qe7 28. Bf3 g5 29. hxg5 hxg5 30. Qd2 Qe8 31. b3 d4 32. g4 b6 33. Ng3 Bg6 34.
Be4 Qe5 35. Kg2 Rh8 36. f3 Bxe4 37. dxe4 Kg6 38. Nh5 Rd8 39. Qd3 Qe6 40. e5+
Kh6 41. Nxf6 Rh8 1/2-1/2

[Event "Festival INGEM - PLZEŇ 2013"]
[Site "Plzeň (Česká republika)"]
[Date "2013.08.19"]
[Round "4.15"]
[White "Sura, Jaroslav"]
[Black "Roew, Rolf"]
[Result "1/2-1/2"]
[WhiteElo "2050"]
[BlackElo "1819"]
[PlyCount "57"]
[EventDate "2013.08.17"]
[Source "ChessBase"]
[SourceDate "1996.11.15"]

1. e4 e5 2. Nf3 Nc6 3. Bc4 Bc5 4. c3 Nf6 5. b4 Bb6 6. d3 d6 7. O-O h6 8. a4 a6
9. Be3 Bxe3 10. fxe3 O-O 11. Qb3 Rb8 12. a5 Qe7 13. Nbd2 Be6 14. b5 Na7 15. b6
cxb6 16. Qxb6 Nc6 17. Bxe6 fxe6 18. d4 exd4 19. exd4 Nh5 20. d5 exd5 21. exd5
Ne5 22. Rae1 Nxf3+ 23. Nxf3 Qd7 24. Re6 Rf6 25. Rxf6 Nxf6 26. Rb1 Ne4 27. Qd4
Nc5 28. Qb4 Re8 29. Qf4 1/2-1/2

[Event "Festival INGEM - PLZEŇ 2013"]
[Site "Plzeň (Česká republika)"]
[Date "2013.08.19"]
[Round "4.16"]
[White "Sladek, Jaroslav"]
[Black "Berka, Lubos"]
[Result "0-1"]
[WhiteElo "2034"]
[BlackElo "1800"]
[PlyCount "90"]
[EventDate "2013.08.17"]
[Source "ChessBase"]
[SourceDate "1996.11.15"]

1. e4 c6 2. d4 d5 3. f3 dxe4 4. fxe4 Nf6 5. e5 Nd5 6. c4 Nb6 7. Be3 Bf5 8. Bd3
Bxd3 9. Qxd3 e6 10. Nf3 c5 11. Nc3 cxd4 12. Bxd4 Nc6 13. Rd1 Nxd4 14. Nxd4 Bb4
15. O-O Bxc3 16. Qxc3 Qe7 17. b3 Qc5 18. Kh1 a6 19. Qf3 Qe7 20. Qh5 O-O 21. Nf3
Nd7 22. Rd4 f6 23. Rfd1 Rad8 24. h3 fxe5 25. Nxe5 Rf5 26. Nxd7 Rxh5 27. Nf6+
Qxf6 28. Rxd8+ Kf7 29. R8d7+ Kg6 30. Rxb7 Rf5 31. Rb6 Rf1+ 32. Rxf1 Qxf1+ 33.
Kh2 Qf4+ 34. Kh1 Qe3 35. Rxa6 Kg5 36. c5 Qxc5 37. Rxe6 Qc1+ 38. Kh2 Qf4+ 39.
Kh1 Qf1+ 40. Kh2 Qf4+ 41. Kh1 Kh4 42. Rc6 Qd2 43. Rc4+ Kg3 44. Rg4+ Kf2 45. Kh2
Qc1 0-1

[Event "Festival INGEM - PLZEŇ 2013"]
[Site "Plzeň (Česká republika)"]
[Date "2013.08.19"]
[Round "4.17"]
[White "Heidebreck, Rainer"]
[Black "Goldobin, Tomáš"]
[Result "0-1"]
[WhiteElo "1761"]
[BlackElo "2019"]
[PlyCount "130"]
[EventDate "2013.08.17"]
[Source "ChessBase"]
[SourceDate "1996.11.15"]

1. e4 e6 2. Nf3 d5 3. Nc3 dxe4 4. Nxe4 Nd7 5. d4 Ngf6 6. Bd3 Nxe4 7. Bxe4 Nf6
8. Bd3 c5 9. O-O Be7 10. dxc5 Bxc5 11. Bb5+ Bd7 12. Bxd7+ Qxd7 13. Qxd7+ Nxd7
14. Rd1 Rd8 15. Bf4 Nf6 16. Rxd8+ Kxd8 17. Ne5 Ke7 18. Nd3 Bb6 19. Kf1 Nd5 20.
Bd2 Rc8 21. Rc1 Bd4 22. c3 Bf6 23. c4 Nb6 24. b3 Nd7 25. Be3 b6 26. c5 bxc5 27.
Nxc5 Nb6 28. Ne4 Rxc1+ 29. Bxc1 Nd5 30. Ba3+ Kd7 31. Nxf6+ Nxf6 32. Bb2 Ne8 33.
Ke2 Kc6 34. Kd3 Kd5 35. Bd4 a6 36. f4 f6 37. b4 e5 38. fxe5 fxe5 39. Be3 Nd6
40. Bc5 Nb7 41. Bb6 e4+ 42. Kc3 Nd6 43. a4 g6 44. g3 Nc4 45. Bc5 Ne5 46. h3 Nd3
47. Be3 Ne5 48. b5 axb5 49. axb5 Nf7 50. Kb4 Nd6 51. b6 Kc6 52. g4 h5 53. Bf2
hxg4 54. hxg4 Kd5 55. Be3 Kc6 56. Kb3 Nb7 57. Kc3 Kd5 58. Bd2 Nd6 59. Kb4 Kc6
60. Bf4 Nc8 61. Ka5 Nxb6 62. Bg5 Nc4+ 63. Kb4 Kd5 64. Kc3 Ne5 65. Kd2 Nf3+ 0-1

[Event "Festival INGEM - PLZEŇ 2013"]
[Site "Plzeň (Česká republika)"]
[Date "2013.08.19"]
[Round "4.18"]
[White "Gabrys, Lukas"]
[Black "Cecil, Pavel"]
[Result "0-1"]
[WhiteElo "1759"]
[BlackElo "1941"]
[PlyCount "58"]
[EventDate "2013.08.17"]
[Source "ChessBase"]
[SourceDate "1996.11.15"]

1. e4 e6 2. d4 d5 3. Nc3 Nf6 4. Bg5 dxe4 5. Nxe4 Nbd7 6. Bd3 Be7 7. Nxf6+ Bxf6
8. Bxf6 Qxf6 9. Nf3 c5 10. c3 O-O 11. Qc2 g6 12. O-O-O cxd4 13. Nxd4 Nc5 14.
Bc4 e5 15. Nf3 Bf5 16. Qe2 e4 17. Nd4 a6 18. Nxf5 Qxf5 19. Qe3 Rad8 20. g4 Qe5
21. f4 Qc7 22. f5 b5 23. Be2 Rxd1+ 24. Rxd1 Qxh2 25. Rd5 Na4 26. f6 Qh4 27. Qf4
h6 28. Rh5 Qe1+ 29. Bd1 Rd8 0-1

[Event "Festival INGEM - PLZEŇ 2013"]
[Site "Plzeň (Česká republika)"]
[Date "2013.08.19"]
[Round "4.19"]
[White "Janska, Jitka"]
[Black "Lorenc, David"]
[Result "1-0"]
[WhiteElo "1939"]
[BlackElo "1715"]
[PlyCount "55"]
[EventDate "2013.08.17"]
[Source "ChessBase"]
[SourceDate "1996.11.15"]

1. e4 d5 2. exd5 Nf6 3. c4 c6 4. d4 cxd5 5. Nc3 Nc6 6. Nf3 e6 7. a3 dxc4 8.
Bxc4 Be7 9. O-O O-O 10. Re1 a6 11. Bb3 h6 12. Bc2 Bd6 13. Qd3 Ne7 14. Be3 Qa5
15. Rad1 Rd8 16. Bc1 Bd7 17. Ne5 Nf5 18. g4 Ne7 19. g5 hxg5 20. Bxg5 Nf5 21.
Bxf6 gxf6 22. Ng4 Kg7 23. Qf3 Rh8 24. d5 Qc7 25. h3 Rag8 26. Be4 Kf8 27. Qd3
Ke7 28. Bxf5 1-0

[Event "Festival INGEM - PLZEŇ 2013"]
[Site "Plzeň (Česká republika)"]
[Date "2013.08.19"]
[Round "4.20"]
[White "Janecek, Pavel"]
[Black "Truksa, Vaclav"]
[Result "1-0"]
[WhiteElo "1892"]
[BlackElo "1637"]
[PlyCount "51"]
[EventDate "2013.08.17"]
[Source "ChessBase"]
[SourceDate "1996.11.15"]

1. e4 c5 2. d4 cxd4 3. c3 dxc3 4. Nxc3 d6 5. Bc4 e6 6. Nf3 Nf6 7. O-O Be7 8.
Qe2 O-O 9. Rd1 Qc7 10. Nb5 Qd8 11. Bf4 a6 12. Nxd6 Nbd7 13. Ng5 Qb6 14. Nxc8
Raxc8 15. e5 Nd5 16. Bxd5 exd5 17. Rxd5 Qb4 18. Nh3 Nb6 19. Rd3 Qc4 20. b3 Qc6
21. Rad1 Qb5 22. Qg4 Qc6 23. Ng5 Bxg5 24. Bxg5 Qc2 25. Bf6 g6 26. Qg5 1-0

[Event "Festival INGEM - PLZEŇ 2013"]
[Site "Plzeň (Česká republika)"]
[Date "2013.08.19"]
[Round "4.21"]
[White "Hladik, Pavel"]
[Black "Furbacher, Milan"]
[Result "1-0"]
[WhiteElo "1890"]
[BlackElo "1599"]
[PlyCount "41"]
[EventDate "2013.08.17"]
[Source "ChessBase"]
[SourceDate "1996.11.15"]

1. e4 c5 2. Nf3 Nc6 3. d4 cxd4 4. Nxd4 g6 5. Nxc6 bxc6 6. Qd4 f6 7. Bc4 e6 8.
O-O d5 9. exd5 cxd5 10. Bb3 Bg7 11. Re1 Kf7 12. c4 Ne7 13. cxd5 Nxd5 14. Nc3
Bb7 15. Bf4 Re8 16. Rad1 Qa5 17. Ne4 Re7 18. Nd6+ Kf8 19. Nxb7 Rxb7 20. Rxe6
Nxf4 21. Qd6+ 1-0

[Event "Festival INGEM - PLZEŇ 2013"]
[Site "Plzeň (Česká republika)"]
[Date "2013.08.19"]
[Round "4.28"]
[White "Kocandova, Martina"]
[Black "Kellner, Rene"]
[Result "1-0"]
[WhiteElo "1743"]
[BlackElo "1660"]
[PlyCount "63"]
[EventDate "2013.08.17"]
[Source "ChessBase"]
[SourceDate "1996.11.15"]

1. e4 c5 2. Nf3 d6 3. d4 cxd4 4. Nxd4 Nf6 5. Nc3 a6 6. Be2 e6 7. O-O Be7 8. Be3
O-O 9. Qd2 Nbd7 10. f4 Qc7 11. Kh1 b5 12. Bf3 Bb7 13. a3 Nc5 14. e5 dxe5 15.
fxe5 Nfd7 16. b4 Bxf3 17. Nxf3 Nb7 18. Bd4 Rfd8 19. Qe3 Rac8 20. Rf2 Nb8 21.
Ne4 Nd7 22. Raf1 Rf8 23. c3 Nd8 24. Qf4 Nc6 25. Nd6 Bxd6 26. exd6 Qd8 27. Bc5
Nxc5 28. bxc5 Na5 29. Ng5 h6 30. Nxf7 Qd7 31. Ne5 Qa7 32. d7 1-0

[Event "Festival INGEM - PLZEŇ 2013"]
[Site "Plzeň (Česká republika)"]
[Date "2013.08.19"]
[Round "4.30"]
[White "Hrdlicka, Vaclav"]
[Black "Zach, Tomas"]
[Result "1/2-1/2"]
[WhiteElo "1725"]
[BlackElo "1644"]
[PlyCount "27"]
[EventDate "2013.08.17"]
[Source "ChessBase"]
[SourceDate "1996.11.15"]

1. d4 Nf6 2. Nf3 g6 3. c4 d5 4. Nc3 c6 5. Bf4 Bg7 6. e3 Bg4 7. h3 Bxf3 8. Qxf3
h5 9. Be5 e6 10. Be2 Nbd7 11. Bxf6 Nxf6 12. cxd5 exd5 13. O-O O-O 14. Bd3
1/2-1/2

[Event "Festival INGEM - PLZEŇ 2013"]
[Site "Plzeň (Česká republika)"]
[Date "2013.08.19"]
[Round "4.33"]
[White "Zoubek, Vladimir"]
[Black "Brunova, Blanka"]
[Result "1/2-1/2"]
[WhiteElo "1675"]
[BlackElo "1576"]
[PlyCount "151"]
[EventDate "2013.08.17"]
[Source "ChessBase"]
[SourceDate "1996.11.15"]

1. d4 Nf6 2. c4 g6 3. Nc3 Bg7 4. e4 O-O 5. f3 d6 6. Be3 Na6 7. Qd2 c5 8. Nge2
Bd7 9. h4 h5 10. d5 Nc7 11. Bh6 b5 12. Ng3 Rb8 13. Bxg7 Kxg7 14. Kf2 b4 15. Nd1
a5 16. Bd3 e6 17. Ne3 exd5 18. cxd5 Nb5 19. Nc4 a4 20. Ne2 a3 21. bxa3 bxa3 22.
Rab1 Qc7 23. Rb3 Qa7 24. Rhb1 Nc7 25. Rxa3 Na6 26. Nxd6 c4+ 27. Qe3 Qxe3+ 28.
Kxe3 cxd3 29. Rxb8 Nxb8 30. Kxd3 Ne8 31. Nc4 Bb5 32. e5 Nd7 33. f4 Nb6 34. Rc3
Nxc4 35. Rxc4 Nc7 36. Kd4 Bxc4 37. Kxc4 Rc8 38. Kc5 Ne6+ 39. Kb4 Nc5 40. a4 Kf8
41. Kb5 Ke8 42. a5 Nb7 43. a6 Nd8 44. a7 Kd7 45. Kb6 Ra8 46. Nd4 Kc8 47. Nb5
Nb7 48. e6 fxe6 49. dxe6 Rxa7 50. Kxa7 Nc5 51. Nd4 Kc7 52. Nb5+ Kc6 53. e7 Kd7
54. e8=Q+ Kxe8 55. Nd6+ Ke7 56. Nc4 Ne4 57. Ne3 Ng3 58. Kb6 Ne2 59. Kc5 Nxf4
60. Nd5+ Nxd5 61. Kxd5 Kf6 62. Ke4 Ke6 63. Kf4 Kf6 64. g3 Kf7 65. Ke5 Ke7 66.
Ke4 Ke6 67. Kf4 Kf6 68. g4 hxg4 69. Kxg4 Kf7 70. Kf4 Kf6 71. Kg4 Kf7 72. Kg5
Kg7 73. Kg4 Kh6 74. Kg3 g5 75. Kg4 gxh4 76. Kxh4 1/2-1/2

[Event "Festival INGEM - PLZEŇ 2013"]
[Site "Plzeň (Česká republika)"]
[Date "2013.08.19"]
[Round "4.34"]
[White "Vojir, Vaclav"]
[Black "Kovarik, Matyas"]
[Result "0-1"]
[WhiteElo "1667"]
[BlackElo "1562"]
[PlyCount "82"]
[EventDate "2013.08.17"]
[Source "ChessBase"]
[SourceDate "1996.11.15"]

1. d4 Nf6 2. Nc3 g6 3. e4 d6 4. Nf3 Bg7 5. Be3 O-O 6. h3 c6 7. Qd2 Re8 8. Be2
b5 9. a3 Bb7 10. O-O Qc7 11. Bd3 Nbd7 12. Rad1 a5 13. Ne2 Nb6 14. b3 Rec8 15.
Ng3 Qd7 16. c4 bxc4 17. bxc4 c5 18. Rb1 cxd4 19. Bxd4 Nxc4 20. Qa2 Ba6 21. Qe2
Rc6 22. Rb3 Qc8 23. Rc1 Ne5 24. Rxc6 Nxf3+ 25. Qxf3 Qxc6 26. Rc3 Qb7 27. Bc2
Nd7 28. Rb3 Qc7 29. e5 Qxc2 30. Qxa8+ Nf8 31. Rc3 Qd1+ 32. Kh2 Qxd4 33. Re3 Qb6
34. exd6 Qxd6 35. Qe8 Bf6 36. Qa8 e6 37. Rb3 h5 38. Qb8 Qxb8 39. Rxb8 h4 40.
Ne4 Be5+ 41. Kh1 Bxb8 0-1

[Event "Festival INGEM - PLZEŇ 2013"]
[Site "Plzeň (Česká republika)"]
[Date "2013.08.19"]
[Round "4.35"]
[White "Bruna, Martin"]
[Black "Smrckova, Svetlana"]
[Result "0-1"]
[WhiteElo "1435"]
[BlackElo "1607"]
[PlyCount "62"]
[EventDate "2013.08.17"]
[Source "ChessBase"]
[SourceDate "1996.11.15"]

1. e4 c5 2. Nf3 e6 3. d4 cxd4 4. Nxd4 a6 5. Bd3 Qc7 6. O-O Nf6 7. Be3 b5 8. a4
b4 9. c3 Bb7 10. f3 Nc6 11. Nxc6 Bxc6 12. cxb4 Bxb4 13. Na3 O-O 14. Nc2 Bd6 15.
b4 Bxh2+ 16. Kh1 Be5 17. Rb1 Bxa4 18. b5 Bxb5 19. Bxb5 axb5 20. Rxb5 d5 21. Qd3
Nh5 22. Rf2 Ng3+ 23. Kg1 dxe4 24. fxe4 Rfd8 25. Nd4 Ra1+ 26. Rb1 Rxb1+ 27. Qxb1
Bxd4 28. Bxd4 Rxd4 29. Rc2 Qd8 30. Qb7 Rd1+ 31. Kf2 Nh1+ 0-1

[Event "Festival INGEM - PLZEŇ 2013"]
[Site "Plzeň (Česká republika)"]
[Date "2013.08.20"]
[Round "5.1"]
[White "Chudinovskikh, Alexander M"]
[Black "Plischki, Sebastian"]
[Result "1-0"]
[WhiteElo "2320"]
[BlackElo "2421"]
[PlyCount "117"]
[EventDate "2013.08.17"]
[Source "ChessBase"]
[SourceDate "1996.11.15"]

1. d4 Nf6 2. Nf3 e6 3. c4 c5 4. Nc3 cxd4 5. Nxd4 a6 6. e4 Qc7 7. Bd3 Nc6 8.
Nxc6 dxc6 9. f4 e5 10. f5 Bc5 11. Qe2 Bd4 12. Be3 Bxc3+ 13. bxc3 c5 14. O-O b6
15. Rab1 Bb7 16. Bf2 O-O-O 17. Bc2 Rd6 18. Bg3 Qe7 19. Rfd1 Rhd8 20. Rxd6 Rxd6
21. h3 Kc7 22. Kh2 Ne8 23. Ba4 f6 24. Bf2 Bc6 25. Bxc6 Rxc6 26. Rd1 Rd6 27. Rd5
Qd7 28. Qb2 Rxd5 29. cxd5 Qa4 30. Qe2 Kd7 31. c4 Ke7 32. Qb2 Qa5 33. Qb1 Qd2
34. Be1 Qe2 35. Qxb6 Qxe1 36. Qe6+ Kf8 37. d6 Nxd6 38. Qxd6+ Ke8 39. Qd5 Qh4
40. Qg8+ Ke7 41. Qxg7+ Kd6 42. Qf8+ Kc6 43. Qc8+ Kb6 44. Qd8+ Kb7 45. Qd5+ Kb6
46. g3 Qh5 47. Qd3 Qg5 48. h4 Qc1 49. Qd6+ Kb7 50. Qe7+ Kc8 51. Qf8+ Kb7 52.
Qg7+ Kb8 53. Qh8+ Kb7 54. Qxh7+ Kb6 55. Qd7 Qxc4 56. Qe6+ Qxe6 57. fxe6 Kc7 58.
h5 c4 59. e7 1-0

[Event "Festival INGEM - PLZEŇ 2013"]
[Site "Plzeň (Česká republika)"]
[Date "2013.08.20"]
[Round "5.2"]
[White "Neuman, Petr"]
[Black "Hába, Zdeněk"]
[Result "1-0"]
[WhiteElo "2516"]
[BlackElo "2241"]
[PlyCount "93"]
[EventDate "2013.08.17"]
[Source "ChessBase"]
[SourceDate "1996.11.15"]

1. d4 g6 2. c4 Bg7 3. e4 c5 4. d5 d6 5. Nc3 e6 6. f4 Ne7 7. Nf3 exd5 8. cxd5 a6
9. a4 Bg4 10. h3 Bxf3 11. Qxf3 f5 12. Bc4 Nd7 13. O-O Nb6 14. Ba2 fxe4 15. Nxe4
h6 16. a5 Nbc8 17. Bd2 Nf5 18. Ng3 O-O 19. Rae1 Nce7 20. Bb1 Qd7 21. Nxf5 Nxf5
22. Re6 Nd4 23. Qg4 Nxe6 24. dxe6 Bd4+ 25. Kh1 Qg7 26. Bxg6 Rf6 27. f5 Raf8 28.
Rf3 Rxg6 29. Qxg6 Qxg6 30. fxg6 Re8 31. Bxh6 Bg7 32. Bxg7 Kxg7 33. Rf7+ Kxg6
34. Rxb7 Rxe6 35. Rb6 Kf5 36. Kh2 c4 37. Rxa6 Ke5 38. Ra8 d5 39. a6 Kd4 40. a7
Ra6 41. h4 Kd3 42. Rd8 Rxa7 43. Rxd5+ Kc2 44. Rb5 Ra2 45. h5 Rxb2 46. Rxb2+
Kxb2 47. h6 1-0

[Event "Festival INGEM - PLZEŇ 2013"]
[Site "Plzeň (Česká republika)"]
[Date "2013.08.20"]
[Round "5.3"]
[White "Šimůnek, Filip"]
[Black "Kireev, Aleksei"]
[Result "0-1"]
[WhiteElo "2129"]
[BlackElo "2337"]
[PlyCount "122"]
[EventDate "2013.08.17"]
[Source "ChessBase"]
[SourceDate "1996.11.15"]

1. d4 d6 2. e4 g6 3. Nc3 c6 4. Be3 e5 5. Nge2 Nd7 6. Qd2 Bg7 7. O-O-O Qe7 8. f3
h5 9. d5 c5 10. Nb5 Kf8 11. Bg5 Bf6 12. h4 a6 13. Na3 b5 14. Kb1 Nb6 15. Nc1
Qc7 16. c4 b4 17. Nc2 a5 18. Ne3 Ba6 19. Bxf6 Nxf6 20. Bd3 Ke7 21. g3 Raf8 22.
Rdg1 Kd8 23. Qf2 Kc8 24. g4 Nbd7 25. Ne2 Qd8 26. Ng3 Kb8 27. Be2 Bc8 28. Bd1
Nb6 29. Be2 Qe7 30. Rf1 Rh7 31. f4 exf4 32. Qxf4 Nxg4 33. Bxg4 Bxg4 34. Qf6 Re8
35. b3 Bc8 36. Rf3 Nd7 37. Qxe7 Rxe7 38. Rhf1 Kc7 39. Kc2 Ne5 40. Rf4 Bd7 41.
Nd1 Rh8 42. Nb2 Ra8 43. Nd3 Ng4 44. Kb1 Be8 45. Rd1 Kd8 46. Rd2 a4 47. Nf2 Ne5
48. Nd3 axb3 49. axb3 Nxd3 50. Rxd3 Rea7 51. Rd2 Ra1+ 52. Kc2 R8a2+ 53. Kd3
Rxd2+ 54. Kxd2 Ra2+ 55. Kc1 Rg2 56. Rf3 f6 57. e5 fxe5 58. Ne4 Ke7 59. Ng5 Rh2
60. Ne6 Rxh4 61. Rf8 Bf7 0-1

[Event "Festival INGEM - PLZEŇ 2013"]
[Site "Plzeň (Česká republika)"]
[Date "2013.08.20"]
[Round "5.4"]
[White "Vlasak, Lukas"]
[Black "Kozak, Milos"]
[Result "1-0"]
[WhiteElo "2339"]
[BlackElo "2178"]
[PlyCount "49"]
[EventDate "2013.08.17"]
[Source "ChessBase"]
[SourceDate "1996.11.15"]

1. e4 c6 2. d4 d5 3. exd5 cxd5 4. c4 Nf6 5. Nc3 Nc6 6. Bg5 dxc4 7. d5 Ne5 8.
Qd4 h6 9. Qxe5 hxg5 10. Bxc4 Bd7 11. Nge2 Rc8 12. Bb3 Qc7 13. Qxg5 Rxh2 14.
O-O-O Ne4 15. Qe3 Rxh1 16. Rxh1 Nxc3 17. Nxc3 b5 18. Kb1 a5 19. a4 bxa4 20.
Nxa4 Rb8 21. Nc5 Bb5 22. Rh8 Qb6 23. Qg3 g5 24. Qh2 e6 25. d6 1-0

[Event "Festival INGEM - PLZEŇ 2013"]
[Site "Plzeň (Česká republika)"]
[Date "2013.08.20"]
[Round "5.5"]
[White "Folk, Petr"]
[Black "Docekal, Jan"]
[Result "1/2-1/2"]
[WhiteElo "2218"]
[BlackElo "2306"]
[PlyCount "39"]
[EventDate "2013.08.17"]
[Source "ChessBase"]
[SourceDate "1996.11.15"]

1. e4 d5 2. exd5 Nf6 3. d4 Nxd5 4. Be2 c6 5. c4 Nf6 6. Nc3 Bf5 7. Nf3 e6 8. Bg5
Be7 9. O-O Nbd7 10. Re1 O-O 11. Nh4 Bg6 12. Nxg6 hxg6 13. Bf3 Qa5 14. Qd2 Qc7
15. d5 Ne5 16. Qf4 Nxf3+ 17. Qxf3 exd5 18. cxd5 Rfe8 19. dxc6 bxc6 20. Rad1
1/2-1/2

[Event "Festival INGEM - PLZEŇ 2013"]
[Site "Plzeň (Česká republika)"]
[Date "2013.08.20"]
[Round "5.6"]
[White "Pokrupa, Marek"]
[Black "Jurek, Josef"]
[Result "1/2-1/2"]
[WhiteElo "2192"]
[BlackElo "2276"]
[PlyCount "49"]
[EventDate "2013.08.17"]
[Source "ChessBase"]
[SourceDate "1996.11.15"]

1. g3 d5 2. Bg2 c6 3. Nf3 Bg4 4. O-O Nd7 5. d3 Ngf6 6. Nbd2 e6 7. h3 Bh5 8. Qe1
Bc5 9. e4 dxe4 10. dxe4 Bxf3 11. Nxf3 e5 12. Bd2 O-O 13. Bc3 Re8 14. a4 a5 15.
b3 Qb6 16. Qe2 Bb4 17. Bb2 Qc7 18. Rfd1 Nf8 19. Rd3 N6d7 20. Rad1 f6 21. h4 Nc5
22. Re3 Nce6 23. Red3 Nc5 24. Re3 Nce6 25. Red3 1/2-1/2

[Event "Festival INGEM - PLZEŇ 2013"]
[Site "Plzeň (Česká republika)"]
[Date "2013.08.20"]
[Round "5.7"]
[White "Kozusek, Daniel"]
[Black "Bartos, Jan"]
[Result "1/2-1/2"]
[WhiteElo "2078"]
[BlackElo "2265"]
[PlyCount "83"]
[EventDate "2013.08.17"]
[Source "ChessBase"]
[SourceDate "1996.11.15"]

1. e4 e6 2. d4 d5 3. Nc3 Nf6 4. Bg5 Bb4 5. e5 h6 6. Bd2 Bxc3 7. bxc3 Ne4 8. Qg4
Kf8 9. Bd3 Nxd2 10. Kxd2 c5 11. Nf3 c4 12. Be2 Nc6 13. Qf4 Bd7 14. h4 b5 15.
Rhf1 Rb8 16. a3 a5 17. Qe3 Qe7 18. g4 Ke8 19. g5 Kd8 20. gxh6 Rxh6 21. Rg1 Rh7
22. Qg5 Be8 23. Qxe7+ Kxe7 24. Rg4 b4 25. axb4 axb4 26. cxb4 Rxb4 27. Kc3 Rb7
28. Ng5 Rh8 29. f4 g6 30. Nf3 Bd7 31. Rg3 Rhb8 32. h5 gxh5 33. Rg7 Rb1 34. Rxb1
Rxb1 35. Ng5 Be8 36. Bxh5 Nd8 37. Bf3 Bc6 38. Nh7 Rf1 39. Rg3 Rf2 40. Nf6 Ba4
41. Kb4 Bc6 42. Kc3 1/2-1/2

[Event "Festival INGEM - PLZEŇ 2013"]
[Site "Plzeň (Česká republika)"]
[Date "2013.08.20"]
[Round "5.8"]
[White "Sabuk, Piotr"]
[Black "Siembab, Bartosz"]
[Result "1/2-1/2"]
[WhiteElo "2239"]
[BlackElo "2223"]
[PlyCount "22"]
[EventDate "2013.08.17"]
[Source "ChessBase"]
[SourceDate "1996.11.15"]

1. Nf3 Nf6 2. c4 c5 3. g3 g6 4. Bg2 Bg7 5. O-O O-O 6. d4 d6 7. Nc3 Nc6 8. d5
Na5 9. Nd2 e6 10. e4 exd5 11. exd5 Re8 1/2-1/2